000 00510nam a2200181 i 4500
001 75426
003 ES-MaACL
005 20230906172440.0
007 t|
008 040924s1973 sp ||||1| spa d
100 1 _aGrass, Günter.
_959693
245 1 3 _aEl gato y el ratón /
_cGünter Grass ; [traducción de Carlos Gerhard].
250 _a[1ª ed.].
260 _aBarcelona :
_bBarral,
_c1973.
300 _a171 p. ;
_c19 cm.
700 1 _aGerhard, Carlos.
_956442
852 _aES-MaACL
_jC-53235
_bR.84781
999 _c75426
_d75426